| 000 | 00913nam a22002297i 4500 | ||
|---|---|---|---|
| 999 |
_c22706 _d22706 |
||
| 003 | AR-CdUCM | ||
| 008 | 231004b20142014pe a|oa| |||| 001 0 spa d | ||
| 040 |
_aMUNICIPALIDAD PROVINCIAL DEL CUSCO _cBIBLIOTECA MUNICIPAL DEL CUSCO |
||
| 041 | _hspa | ||
| 082 |
_a371.33 / D71 _bD71 |
||
| 100 |
_aDiaz Salas, Antonio Edilfonso _949259 |
||
| 245 |
_aMateriales Educativos aplicables a educación inicial y primaria / _cDíaz Salas, Antonio Edilfonso |
||
| 246 | _aMateriales Educativos | ||
| 260 |
_aCusco : _bMunicipalidad Provincial de Canchis, _c2014. |
||
| 300 |
_a76 páginas. : _c21 cm. |
||
| 500 | _zBibliografía: página: 76 | ||
| 505 | _aMateriales educativos -- Teorías -- Soporte conceptual básico -- Materiales educativos aplicables a educación inicial | ||
| 650 |
_aMaterial educativo _943719 |
||
| 650 |
_aHistoria de la humanidad _914179 |
||
| 942 |
_2ddc _cLIBROS |
||
| 945 |
_apebm _d2023-10-04 |
||